Buenas noches, mamá
Gespeichert in:
| 1. Verfasser: | |
|---|---|
| Format: | Buch |
| Sprache: | Spanisch |
| Veröffentlicht: |
Barcelona
Océano
2011
|
| Ausgabe: | 1a. ed |
| Schriftenreihe: | Océano Travesía
|
| Schlagworte: | |
| Tags: |
Tag hinzufügen
Keine Tags, Fügen Sie den ersten Tag hinzu!
|
MARC
| LEADER | 00000cam a2200000 a 4500 | ||
|---|---|---|---|
| 001 | UCF4860 | ||
| 003 | CL-VaPUC | ||
| 005 | 20250414165409.0 | ||
| 008 | 130103e20110000SP |||||||||||||||||spa|d | ||
| 999 | |c 350548 |d 350546 | ||
| 020 | |a 9788449444807 | ||
| 040 | |c Pontificia Universidad Católica de Valparaíso | ||
| 082 | 0 | 4 | |a 808.068 |b IMA |2 21 |
| 100 | |a Imapla |e author |9 566534 | ||
| 245 | 1 | 0 | |a Buenas noches, mamá |
| 250 | |a 1a. ed | ||
| 260 | |a Barcelona |b Océano |c 2011 | ||
| 300 | |a pág. irreg | ||
| 490 | 0 | |a Océano Travesía | |
| 583 | |a last modification |c 20130103 11:06:00 |k Rodrigo Vera | ||
| 650 | 0 | |a Literatura infantil |9 307465 |x Cuentos | |
| 942 | |c BK |2 ddc | ||
| 945 | |d 20130103 00:00:00 |a dcastane | ||
| 952 | |0 0 |1 0 |4 0 |6 808_068000000000000_IMA_2011 |7 0 |8 A |9 453973 |a BIBEDU |b BIBEDU |d 2019-11-22 |i 4937430 |l 6 |o 808.068 IMA 2011 |p 4937430 |r 2024-08-28 |s 2024-08-28 |w 2019-11-22 |y BK |k EPE | ||